000 00576nam a2200241Ia 4500
005 20260306150320.0
008 008 260114s9999 xx 000 0 eng d
020 _a9781771103398
037 _aEbook
040 _aCRL
040 _beng
040 _cCRL
041 _2eng
041 _aeng
084 _qCRL
245 0 _aThree Quests in Philosophy
260 _bPontifical Institute of Mediaeval Studies
260 _c2008
650 _aPhilosophy
856 _uhttps://www.degruyter.com/isbn/9781771103398
942 _cEBOOK
999 _c1695640
_d1695640